Music Artists by Song - T - Statistics

General Stats
  • This quiz has been taken 89 times
    23 since last reset
  • The average score is 11 of 23
Answer Stats
Songs Artist % Correct
Cruel Summer / Fortnight / august Taylor Swift
86%
Everybody Wants To Rule The World / Shout / Head Over Heels Tears For Fears
86%
No Scrubs / Waterfalls / Unpretty TLC
86%
Lose Control / Bad Dreams / The Door Teddy Swims
79%
Dance Monkey / Fly Away / Dance With Me Tones And I
79%
FE!N / goosebumps / Open Arms Travis Scott
79%
Stressed Out / Ride / Heathens Twenty One Pilots
79%
Psycho Killer / This Must Be the Place / Once in a Lifetime Talking Heads
71%
Sports car / What I Want / Just Keep Watching Tate McRae
64%
My Girl / Papa Was A Rollin' Stone / Ain't Too Pround To Beg The Temptations
64%
Another Love / Black Friday / Heal Tom Odell
57%
The Less I Know The Better / Borderline / Let It Happen Tame Impala
50%
See You Again / Like Him / Sticky Tyler, The Creator
43%
Strategy / FANCY / The Feels TWICE
36%
Show Me Love / Water / PUSH 2 START Tyla
36%
Life Is A Highway / Boy Inside The Man / The Untouchable One Tom Cochrane
29%
Will I See You Again? / Can I Call You Rose? / Easier Said Than Done Three Sacred Souls
21%
Lovers Rock / Cigarettes out the Window / Not Allowed TV Girl
21%
Hidden In the Sand / The Bidding / Turn the Lights Off Tally Hall
14%
...Baby One More... / Tribute / Kickapoo Tenacious D
14%
Finale / MEGALOVANIA / Fallen Down Toby Fox
14%
I Don't Wanna Be Me / Love You to Death / Black No. 1 Type O Negative
14%
Goin' Out West / Come On Up To The House / I Hope That I Don't Fall In Love With You Tom Waits
7%
No matching quizzes found
Score Distribution
Percent of People with Each Score
Percentile by Number Answered
Your Score History
You have not taken this quiz since the last reset